[Event "Komercni Banka op"]
[Site "Pardubice"]
[Date "1999.07.17"]
[Round "2"]
[White "Dumitrescu, Dragos"]
[Black "Neverov, Valeriy"]
[Result "0-1"]
[WhiteElo "2394"]
[BlackElo "2549"]

1.d4 Nf6 2.Bg5 e6 3.e4 h6 4.Bxf6 Qxf6 5.Nf3 d6 6.Nc3 Nd7 7.Qd2 g6 8.Be2 a6
9.O-O Bg7 10.Rad1 O-O 11.a4 b6 12.Rfe1 Bb7 13.Bc4 Qe7 14.Qe3 c5 15.dxc5 Nxc5
16.e5 Bxf3 17.exd6 Qh4  0-1

[Event "Biel MTO"]
[Site "Biel"]
[Date "1999.07.20"]
[Round "11"]
[White "Gurieli, Nino"]
[Black "Jenni, Florian"]
[Result "0-1"]
[WhiteElo "2351"]
[BlackElo "2399"]

1.d4 Nf6 2.Bg5 e6 3.e4 h6 4.Bxf6 Qxf6 5.Nc3 d6 6.Nf3 Nd7 7.Bd3 Qd8 8.Qd2 a6
9.O-O-O Be7 10.h4 c5 11.Kb1 cxd4 12.Nxd4 Qc7 13.f4 Nc5 14.f5 Bf6 15.Be2 b5
16.fxe6 fxe6 17.Bh5+ Kd8 18.a3 Bd7 19.Rhf1 Kc8 20.b4 Nb7 21.Rf3 Qb6 22.Rd3 a5
23.e5 Bxe5 24.Nf3 Bf6 25.Ne4 axb4 26.Qxb4 Ra4 27.Nxd6+ Nxd6 28.Qxd6 Qxd6
29.Rxd6 Rxa3 30.c3 Be8 31.Bg4 Kc7 32.Rxe6 Rb3+ 33.Ka2 Rxc3 34.Ne5 Rc5 35.Nd3 Rc4
36.Bf3 Bf7 37.Ree1 Rb4+  0-1

[Event "Paris-ch"]
[Site "Paris"]
[Date "1999.07.20"]
[Round "4"]
[White "Belabdelouahab, R."]
[Black "Kogan, Artur"]
[Result "0-1"]
[WhiteElo "2156"]
[BlackElo "2518"]

1.d4 Nf6 2.Bg5 e6 3.e4 h6 4.Bxf6 Qxf6 5.Nc3 d6 6.Qd2 Bd7 7.O-O-O g5 8.g3 g4
9.f4 gxf3 10.Qf2 Nc6 11.Nxf3 Bg7 12.Qe3 h5 13.Kb1 a6 14.Bg2 Qh6 15.Qd3 O-O-O
16.a3 Kb8 17.Ka2 Rhf8 18.Bh3 Ne7 19.Rhf1 Ng6 20.Ne2 Ka8 21.Rb1 c5 22.b4 cxd4
23.Nexd4 Ne5 24.Qe2 Nxf3 25.Nxf3 f5 26.Nd2 fxe4 27.Nxe4 Bb5 28.c4 Bxc4+ 29.Qxc4 d5
30.Rxf8 Rxf8 31.Qc1 dxe4 32.Qxh6 Bxh6 33.Bxe6 Rf2+ 34.Rb2 Bd2 35.Rc2  0-1

[Event "Dutch Open"]
[Site "Dieren"]
[Date "1999.07.21"]
[Round "2"]
[White "Rabinovich, Alexander"]
[Black "Plasman, Hans"]
[Result "1-0"]
[WhiteElo "2413"]
[BlackElo "2152"]

1.d4 Nf6 2.Bg5 e6 3.e4 h6 4.Bxf6 Qxf6 5.Nc3 Bb4 6.Qd2 O-O 7.f4 c5 8.e5 Qe7
9.a3 cxd4 10.axb4 dxc3 11.bxc3 f6 12.Nf3 fxe5 13.Nxe5 Qf6 14.g3 Nc6 15.Nxc6 bxc6
16.Bg2 a5 17.O-O a4 18.Rfe1 Rd8 19.Ra3 Qf5 20.Bxc6  1-0

[Event "SCO-ch"]
[Site "Edinburgh"]
[Date "1999.07.22"]
[Round "7"]
[White "Minnican, Alan"]
[Black "Grant, Jonathan"]
[Result "1-0"]
[WhiteElo "2145"]
[BlackElo "2260"]

1.d4 Nf6 2.Bg5 e6 3.e4 h6 4.Bxf6 Qxf6 5.c3 d6 6.Bd3 e5 7.Ne2 g6 8.O-O Bg7
9.Nd2 O-O 10.f4 exd4 11.Nxd4 Nc6 12.Nb5 Qd8 13.Qe1 a6 14.Na3 b5 15.Nf3 Rb8
16.Nc2 a5 17.Ncd4 Nxd4 18.cxd4 c5 19.Qg3 cxd4 20.h4 Be6 21.h5 Bc4 22.Rad1 f5
23.Qxg6 Rf6 24.Bxc4+ bxc4 25.Qg3 d3 26.e5 Rf8 27.b3 Qb6+ 28.Kh1 d5 29.Nh4 a4
30.Qf3 Qd4 31.g4 fxg4 32.Qxg4 axb3 33.axb3 Rxb3 34.Qe6+ Kh7 35.Ng6 Qe4+ 36.Kg1 Rf5
37.Ne7 Rf8 38.Nxd5 Rb2 39.Qg6+ Qxg6+ 40.hxg6+ Kxg6 41.f5+ Kh7 42.f6 Rd8 43.Nf4 Bxf6
44.exf6 Rb6 45.Nxd3 c3 46.f7 c2 47.Rc1 Kg7 48.Rxc2 Rg6+ 49.Rg2 Rxg2+ 50.Kxg2 Rf8
51.Ne5 Rd8 52.Nd7  1-0

[Event "Dutch Open"]
[Site "Dieren"]
[Date "1999.07.23"]
[Round "4"]
[White "Wilgenhof, Otto"]
[Black "Hendriks, Richard"]
[Result "1-0"]
[WhiteElo "2235"]
[BlackElo "2145"]

1.d4 Nf6 2.Bg5 e6 3.Nf3 h6 4.Bh4 b6 5.c4 Bb7 6.Nc3 d5 7.cxd5 exd5 8.Qa4+ c6
9.Bxf6 Qxf6 10.Nxd5 Qd8 11.Nc3 Bd6 12.e4 O-O 13.Be2 Re8 14.O-O c5 15.Bb5 Bxe4
16.Rfe1 f5 17.Bxe8 Bxf3 18.Bg6 Bc6 19.Qc4+ Kh8 20.Qe6 cxd4 21.Bxf5 Qf6 22.Nd5 Qf8
23.Qg6 Qg8 24.Nf6  1-0

[Event "Dutch Open"]
[Site "Dieren"]
[Date "1999.07.25"]
[Round "6"]
[White "Algera, Simon"]
[Black "Van Beek, Lucien"]
[Result "0-1"]
[WhiteElo "2085"]
[BlackElo "2326"]

1.d4 Nf6 2.Bg5 e6 3.e3 Be7 4.Bd3 b6 5.Nd2 Bb7 6.Ngf3 d5 7.Ne5 Ne4 8.Bxe7 Qxe7
9.Qg4 O-O 10.Qh3 f6 11.Nef3 f5 12.g4 Ba6 13.Rg1 Bxd3 14.cxd3 Nxd2 15.Kxd2 f4
16.exf4 Rxf4 17.Ke3 Rf8 18.g5 c5 19.dxc5 bxc5 20.Rg4 Nc6 21.Rh4 g6 22.Qg3 e5
23.Re1 Rae8 24.Kd2 Qf7 25.Rh3 e4 26.Qd6 Nb4 27.Nh4 Nxd3 28.Rxd3 exd3 29.Rxe8 Qxf2+
30.Kxd3 Qd4+  0-1

[Event "MK Cafe Cup-B"]
[Site "Koszalin"]
[Date "1999.08.03"]
[Round "1"]
[White "Wojtaszek, Radoslaw"]
[Black "Gorin, Leonid"]
[Result "0-1"]
[WhiteElo "2117"]
[BlackElo "2388"]

1.d4 Nf6 2.Bg5 e6 3.e4 h6 4.Bxf6 Qxf6 5.Nc3 d6 6.Qd2 c6 7.f4 e5 8.Nge2 Be7
9.g3 O-O 10.Bg2 Re8 11.O-O exd4 12.Nxd4 Bf8 13.Rae1 Na6 14.Kh1 Nc5 15.b4 Ne6
16.Nf3 Nc7 17.a4 Be6 18.Qd3 d5 19.Rb1 dxe4 20.Nxe4 Qd8 21.Nc5 Qxd3 22.cxd3 Bc8
23.d4 f6 24.Rfe1 Rd8 25.Bf1 b6 26.Bc4+ Kh8 27.Ne6 Nxe6 28.Bxe6 Bb7 29.Red1 c5
30.d5 cxb4 31.Nh4 Bc5 32.h3 Rd6 33.Kh2 Rad8 34.Nf5 Rxd5 35.Bxd5 Rxd5 36.Rxd5 Bxd5
37.Rd1 Ba2 38.Nd4 Bc4 39.Kg2 a6 40.Kf3 Kg8 41.Ke4 a5 42.Rc1 Ba2 43.Ne2 Bb3
44.Ra1 Bc2+ 45.Kd5 b3 46.Nc3 b2 47.Rh1 Bb4 48.Nb1 Kh7  0-1

[Event "Aceimar op 6th"]
[Site "Mondariz Balneario"]
[Date "1999.08.04"]
[Round "9"]
[White "Martinez Rodriguez, Pablo"]
[Black "Fernandez Ramos, Andres"]
[Result "1/2-1/2"]
[WhiteElo "2249"]
[BlackElo "2158"]

1.d4 Nf6 2.Bg5 e6 3.Nf3 b6 4.e3 Bb7 5.Nbd2 Be7 6.Bd3 O-O 7.O-O d5 8.Qe2 c5
9.c3 Nbd7 10.Rac1 Rc8 11.h3 h6 12.Bf4 Ne4 13.Ba6 Bxa6 14.Qxa6 Nxd2 15.Nxd2 Ra8
16.c4 Nf6 17.Nb3 cxd4 18.Nxd4 Qd7 19.Rfd1 Rfc8 20.Nb5 Rc6 21.Nc3 Rxc4 22.Qxc4 dxc4
23.Rxd7 Nxd7 24.Nb5 a6 25.Nc7 Rc8 26.Nxa6 Ra8 27.Rxc4 Rxa6 28.Rc7 Rxa2 29.Rxd7 Bf6
30.b3 Rb2 31.e4 Rxb3 32.e5 Bg5 33.Bg3 h5 34.h4 Bh6 35.Kf1 Rb2 36.f3 Be3 37.Be1 Bf4
38.Bc3 Rb5 39.Rb7 Rb3 40.Bd4 b5 41.Kf2 Rd3 42.Bc5 Rd2+ 43.Kf1 Rb2 44.Bd4 Rb3
45.Kf2 Bc1 46.g4 Bb2 47.Bxb2 Rxb2+ 48.Kg3 hxg4 49.fxg4 g6 50.Kf4 Kg7 51.Kg5 b4
52.h5 gxh5 53.Kxh5 b3 54.Kg5 Rb1 55.Rb4 b2 56.Rb8 Re1 57.Rxb2 Rxe5+ 58.Kf4 Re1
59.Rb5 Rf1+ 60.Kg3 Kf6 61.Rh5 Kg6 62.Kg2 Rf6 63.Kg3 Kg7 64.Ra5 Kf8 65.Ra7 Kg7
66.Ra5 Kg6 67.Rh5 Rf1 68.Ra5 f6 69.Kg2 Rf4 70.Kg3 e5 71.Ra7 Rb4 72.Re7 Rb3+
73.Kh4 Re3 74.Re6 Rf3 75.Re7 Re3 76.Re6 Kf7 77.Ra6 Rf3 78.Rb6 e4 79.Rb4 e3
80.Re4 Kg7 81.Re7+ Kf8 82.Re6 Kg7 83.Re7+ Kh6 84.Re6 Kg6 85.Re7 Rf1 86.Rxe3 Rh1+
87.Rh3 Re1 88.Rf3 Re8 89.Rf5 Re4 90.Kg3  1/2-1/2

[Event "BCF-ch 86th"]
[Site "Scarborough"]
[Date "1999.08.06"]
[Round "6"]
[White "Rahman, Taibur"]
[Black "Dunnington, Angus J"]
[Result "0-1"]
[WhiteElo "2210"]
[BlackElo "2366"]

1.d4 Nf6 2.Bg5 e6 3.e4 c5 4.e5 h6 5.Bxf6 gxf6 6.Nf3 cxd4 7.exf6 Qxf6 8.Nbd2 d5
9.Bb5+ Nc6 10.Qe2 Bg7 11.O-O O-O 12.Rfe1 Re8 13.Nb3 e5 14.Nfxd4 Nxd4 15.Nxd4 Rd8
16.Nf3 e4 17.Nd2 Qxb2 18.Rab1 Qxc2 19.Qe3 Qc3 20.Qf4 Qe5 21.Qe3 Qg5 22.Ba4 Qxe3
23.Rxe3 Bd7 24.Bxd7 Rxd7 25.Rc1 Be5 26.g3 Rc7 27.Rxc7 Bxc7 28.Kf1 Bb6 29.Rc3 Ba5
30.Rc2 Bxd2 31.Rxd2 Rd8 32.Ke2 d4 33.Rb2 Rd7 34.Rb5 f6 35.Rc5 Kf7 36.Kd2 b6
37.Rc8 h5 38.h3 Rd5 39.Rc7+ Ke6 40.Rxa7 Ra5 41.Rb7 Rxa2+ 42.Ke1 Rb2 43.Rh7 Rb5
44.Rh8 Rc5 45.Rd8 Ke5 46.Rh8 Ke6 47.Rd8 d3 48.f4 Kf5 49.Kd1 h4 50.g4+ Kxf4
51.Rd6 Ke3  0-1

[Event "Chania op 9th"]
[Site "Chania"]
[Date "1999.08.08"]
[Round "6"]
[White "Banikas, Hristos"]
[Black "Mastrovasilis, Athanasios"]
[Result "1-0"]
[WhiteElo "2507"]
[BlackElo "2345"]

1.d4 Nf6 2.Bg5 e6 3.Nc3 d5 4.e4 Bb4 5.e5 h6 6.Bd2 Bxc3 7.bxc3 Ne4 8.Qg4 Kf8
9.Bd3 Nxd2 10.Kxd2 c5 11.Nf3 Nc6 12.Qf4 Qe7 13.h4 Bd7 14.Rab1 Na5 15.Rh3 c4
16.Be2 Qa3 17.Ne1 Ke7 18.Rg3 Rhg8 19.Bh5 Be8 20.Kd1 Rc8 21.Be2 Rc6 22.h5 Rb6
23.Qc1 Qxc1+ 24.Kxc1 Rxb1+ 25.Kxb1 Nc6 26.f4 Kf8 27.Re3 Bd7 28.g4 f5 29.gxf5 exf5
30.e6 Be8 31.Bf3 Ne7 32.Re5 Bc6 33.Ng2 g5 34.hxg6 Rxg6 35.Ne3 Rg3 36.Bh5 Rh3
37.Bf7 Rh4 38.Nxf5 Nxf5 39.Rxf5 Rh1+ 40.Kb2 Ke7 41.Re5 Rh4 42.f5 Rh1 43.Bh5 Rf1
44.Bg6 Rh1 45.Bh5 Rf1 46.Be2 Re1 47.Bf3 Rf1 48.Bxd5 h5 49.Bxc4 Rh1 50.d5 Be8
51.d6+ Kxd6 52.f6  1-0

[Event "Baunatal op 5th"]
[Site "Baunatal"]
[Date "1999.08.12"]
[Round "1"]
[White "Francis, Patrick"]
[Black "Krueger, Bernhard"]
[Result "1/2-1/2"]
[WhiteElo "2105"]
[BlackElo "1541"]

1.d4 Nf6 2.Bg5 e6 3.e4 Be7 4.Bxf6 Bxf6 5.e5 Be7 6.Bd3 d5 7.Nd2 c5 8.c3 Nc6
9.Bb5 Qb6 10.Bxc6+ bxc6 11.Qb3 cxd4 12.Qxb6 axb6 13.cxd4 Ba6 14.a3 c5 15.Ngf3 Bd3
16.Rc1 c4 17.Rc3 b5 18.Rc1 O-O 19.Nb1 b4 20.Kd2 bxa3 21.bxa3 Bxb1 22.Rxb1 Rxa3
23.Rb7 Ra2+ 24.Ke3 Ra3+ 25.Kd2 Ra2+ 26.Ke3 Ra3+  1/2-1/2

[Event "Baunatal op 5th"]
[Site "Baunatal"]
[Date "1999.08.13"]
[Round "3"]
[White "Jodkowski, Alexander"]
[Black "Dec, Paul"]
[Result "1/2-1/2"]
[WhiteElo "1532"]
[BlackElo "1685"]

1.d4 Nf6 2.Bg5 e6 3.e4 Be7 4.Nd2 d6 5.Ngf3 O-O 6.Bd3 Nbd7 7.O-O c5 8.c3 a6
9.a4 b6 10.Re1 d5 11.e5 Ne8 12.Bxe7 Qxe7 13.Qe2 f5 14.Nf1 Rf7 15.g3 Bb7 16.Qd2 Nc7
17.Ng5 Rff8 18.f4 b5 19.Nf3 Bc6 20.a5  1/2-1/2

[Event "CRA-ch"]
[Site "Antiguo"]
[Date "1999.08.14"]
[Round "12"]
[White "Hernandez Basante, Francisco"]
[Black "Minero Pineda, Sergio"]
[Result "1/2-1/2"]
[WhiteElo "2298"]
[BlackElo "2382"]

1.d4 Nf6 2.Bg5 e6 3.Nd2 h6 4.Bh4 c5 5.e3 Be7 6.Ngf3 cxd4 7.exd4 b6 8.Bd3 Bb7
9.O-O O-O 10.c3 d6 11.Qe2 Nbd7 12.Rfe1 Re8 13.Rad1 Rc8 14.h3 Nh5 15.Bxe7 Qxe7
16.Qe3 Nhf6 17.c4 d5 18.b3 Red8 19.Ne5 dxc4 20.bxc4 Nxe5 21.Qxe5 Qd6 22.Qxd6 Rxd6
23.Nb3 Ba6 24.Rc1 Rdc6 25.Nd2 Rd6 26.Nb3 Rdc6 27.Nd2 Nd5 28.a3 R6c7 29.f3 Ne7
30.g4 Rd8 31.Nb3 Nc6 32.Red1 Kf8 33.Be4 Ne7 34.c5 Bb5 35.cxb6 Rxc1 36.Rxc1 axb6
37.Kf2 f5 38.gxf5 exf5 39.Bb7 Rd7 40.Bc8 Ra7 41.Be6 Rxa3 42.Rc7 Bc6 43.d5 Bxd5
44.Nd4 Rd3 45.Bxd5 Rxd4 46.Be6 Rd6 47.Bb3 g5 48.Rb7 f4 49.h4 Rd2+ 50.Kg1 Rd6
51.Kg2 Ng6 52.hxg5 hxg5 53.Rf7+ Ke8 54.Rg7 Nh4+ 55.Kh3 Nxf3 56.Kg4 Nd4 57.Ba4+ b5
58.Bxb5+ Nxb5 59.Rxg5 Nd4 60.Kxf4 Ke7 61.Re5+ Kf6 62.Ra5 Ne6+ 63.Ke4 Rd4+
64.Ke3 Rh4 65.Kd3 Nc7 66.Rc5 Ne6 67.Ra5 Ke7 68.Ra7+ Kd6 69.Ra6+ Kd5 70.Ra5+ Nc5+
71.Ke3 Re4+ 72.Kf3 Re8 73.Ra1 Kd4 74.Rh1 Rf8+ 75.Kg4 Ne4 76.Ra1 Nf6+ 77.Kf5 Nd5+
78.Ke6 Rf6+ 79.Kd7 Nb4 80.Rd1+ Nd3 81.Ke7 Rh6 82.Kd7 Ke4 83.Ke7 Nc5 84.Re1+ Kf5
85.Rf1+ Ke5 86.Re1+ Ne4 87.Kd7 Ra6 88.Kc7 Kd5 89.Rd1+ Kc4 90.Rc1+ Nc3 91.Kd7 Kd4
92.Rh1 Ne4 93.Rd1+ Kc4 94.Rc1+ Kd5 95.Rd1+ Ke5 96.Re1 Rd6+ 97.Kc7 Rd4 98.Kc6 Ke6
99.Rh1 Rc4+ 100.Kb5 Rc8 101.Rh6+ Nf6 102.Kb4 Ke5 103.Rh1 Nd5+ 104.Kb3 Rc3+
105.Kb2 Re3 106.Kc2 Nf4 107.Rh8 Kd4 108.Rd8+ Nd5 109.Kd2 Re5 110.Rd7  1/2-1/2

[Event "Baunatal op 5th"]
[Site "Baunatal"]
[Date "1999.08.14"]
[Round "5"]
[White "Francis, Patrick"]
[Black "Mueller, Joachim"]
[Result "1/2-1/2"]
[WhiteElo "2105"]
[BlackElo "1770"]

1.d4 Nf6 2.Bg5 e6 3.e4 Be7 4.Bxf6 Bxf6 5.e5 Be7 6.Bd3 c5 7.Qg4 g6 8.Ne2 cxd4
9.O-O Nc6 10.f4 d6 11.Bb5 Qb6 12.Bd3 Nb4 13.Nd2 Nxd3 14.cxd3 d5 15.b3 Bd7
16.Nf3 Bb5 17.Rfd1 Qa6 18.Rdc1 Ba3 19.Nexd4 Qb6 20.Kh1 Bxd3 21.Qh4  1/2-1/2

[Event "Baunatal op 5th"]
[Site "Baunatal"]
[Date "1999.08.15"]
[Round "7"]
[White "Jodkowski, Alexander"]
[Black "Arne, Walter"]
[Result "0-1"]
[WhiteElo "1532"]
[BlackElo "1767"]

1.d4 Nf6 2.Bg5 e6 3.e4 Be7 4.Nc3 d5 5.exd5 exd5 6.Nf3 Bg4 7.Be2 Nc6 8.O-O O-O
9.Re1 Re8 10.h3 Bh5 11.a3 a6 12.Nh2 Bg6 13.Ng4 Nxg4 14.Bxe7 Rxe7 15.hxg4 Qd7
16.Qd2 Rae8 17.Na4 Nxd4 18.Qxd4 Rxe2 19.Rxe2 Rxe2 20.Nc3 Rxc2 21.Nxd5 Qd6
22.Rd1 h6 23.b3 Qc5 24.Qxc5 Rxc5 25.Ne7+ Kh7 26.Nxg6 Kxg6 27.f4 Rc3 28.Rd7 Kf6
29.g5+ hxg5 30.fxg5+ Ke6 31.Rd8 Rxb3 32.Rc8 c6 33.Rc7 Rxa3 34.Rxb7 c5 35.Rc7 Ra5
36.Kf2 g6 37.Ke3 Ra3+ 38.Ke4 Ra4+ 39.Ke3 c4 40.Kd4 Kf5 41.Rxf7+ Kxg5 42.Ra7 Kg4
43.Rg7 g5 44.Rg6 Ra2 45.Kxc4 Rxg2 46.Rxa6 Rd2 47.Kc3 Rd8 48.Rg6 Kh4 49.Rg7 g4
50.Rh7+ Kg3 51.Rg7 Kh3  0-1

[Event "FRA-ch qual"]
[Site "Bescanon"]
[Date "1999.08.20"]
[Round "3"]
[White "Chabanon, Jean Luc"]
[Black "Lucchetti, P."]
[Result "1-0"]
[WhiteElo "2456"]
[BlackElo "2221"]

1.d4 Nf6 2.Bg5 e6 3.e4 d5 4.e5 h6 5.Be3 Nfd7 6.c3 c5 7.Nf3 Nc6 8.Bd3 Qb6
9.Qc1 Ndb8 10.O-O Bd7 11.dxc5 Bxc5 12.Bxc5 Qxc5 13.Nbd2 Qb6 14.Nb3 Ne7 15.Re1 Bb5
16.Bc2 Nbc6 17.Qd2 Ba4 18.Qf4 Bxb3 19.axb3 O-O 20.Ra4 f6 21.exf6 Rxf6 22.Qe3 Qxe3
23.fxe3 Raf8 24.b4 a6 25.e4 Kh8 26.Raa1 g5 27.exd5 Nxd5 28.Be4 Nf4 29.Bxc6 bxc6
30.Ne5 Rd8 31.g3 Nd3 32.Red1 Nxe5 33.Rxd8+ Kg7 34.Rf1 Nf3+ 35.Kg2 g4 36.Rd7+ Kg6
37.Rd6 Kf5 38.Rxc6 Ke4 39.Rc4+ Ke3 40.Rxg4 e5 41.Rf4 Rxf4 42.gxf4 e4 43.f5 Ne5
44.f6 Nf7 45.Ra1 Kd2 46.Rxa6 e3 47.Re6 e2  1-0

[Event "FRA-ch qual"]
[Site "Bescanon"]
[Date "1999.08.21"]
[Round "4"]
[White "Leroy, Didier"]
[Black "Templier, Nicolas"]
[Result "1-0"]
[WhiteElo "2325"]
[BlackElo "2226"]

1.d4 Nf6 2.Bg5 e6 3.e4 h6 4.Bxf6 Qxf6 5.Nc3 d6 6.Qd2 g5 7.Nge2 Bg7 8.Rd1 Nc6
9.d5 Ne5 10.Nb5 O-O 11.Ng3 exd5 12.Nxc7 dxe4 13.Nxa8 Bg4 14.Nc7 Bxd1 15.Qxd1 Nf3+
16.gxf3 exf3 17.Nd5 Qxb2 18.Bd3 Re8+ 19.Kf1 g4 20.h3  1-0

[Event "ESP-ch"]
[Site "Palencia"]
[Date "1999.08.21"]
[Round "3"]
[White "Pomes Marcet, Juan"]
[Black "Franco Ocampos, F."]
[Result "1/2-1/2"]
[WhiteElo "2393"]
[BlackElo "2474"]

1.d4 Nf6 2.Bg5 e6 3.e4 h6 4.Bxf6 Qxf6 5.Nc3 d6 6.Qd2 g5 7.g3 Bg7 8.O-O-O Nc6
9.Bb5 Bd7 10.Nge2 O-O-O 11.f4 gxf4 12.gxf4 a6 13.Bxc6 Bxc6 14.Qe3 Kb8 15.Rhg1 h5  1/2-1/2

[Event "ESP-ch"]
[Site "Palencia"]
[Date "1999.08.21"]
[Round "3"]
[White "Diaz Flores Garcia, Pablo"]
[Black "Garcia Ares, Felix"]
[Result "0-1"]
[WhiteElo "2049"]
[BlackElo "2219"]

1.d4 Nf6 2.Bg5 e6 3.Nf3 c5 4.c3 Nc6 5.e3 b6 6.Bd3 Bb7 7.Nbd2 Be7 8.h4 cxd4
9.exd4 Qc7 10.Qe2 Nd5 11.Be3 f5 12.Ng5 O-O 13.Ndf3 Nf4 14.Bxf4 Qxf4 15.Nh3 Qc7
16.Nfg5 Rf6 17.O-O Rh6 18.g3 Rf8 19.Rae1 Bd6 20.f4 Ne7 21.Nf3 Nd5 22.Ne5 Nf6
23.Nf2 Bxe5 24.Qxe5 Qc6 25.d5 Nxd5 26.Kh2 Nxf4 27.Rg1 Nxd3 28.Nxd3 Qd5 29.Nf4 Qxa2
30.Re2 g5 31.Nh3 gxh4 32.gxh4+ Rg6 33.Rxg6+ hxg6 34.Nf4 Kf7 35.h5 gxh5 36.Nxh5 Ke7
37.Qg7+ Rf7 38.Qg5+ Kd6 39.Qf4+ Kc6 40.Rd2 e5 41.Qxe5 Qe6 42.Qf4 Rh7 43.Qg5 Kc7
44.Rf2 Qe5+ 45.Kg1 Rxh5  0-1

[Event "Pyramiden Franken Cup"]
[Site "Fuerth"]
[Date "1999.08.22"]
[Round "2"]
[White "Schlindwein, Rolf"]
[Black "Sasu Ducsoara, Adrian"]
[Result "1-0"]
[WhiteElo "2447"]
[BlackElo "2305"]

1.d4 Nf6 2.Bg5 e6 3.Nd2 c5 4.c3 cxd4 5.cxd4 h6 6.Bh4 Be7 7.e3 d6 8.Ngf3 Bd7
9.b4 a5 10.b5 a4 11.Bxf6 gxf6 12.Bd3 Rg8 13.O-O f5 14.Rb1 Kf8 15.e4 f4 16.Nc4 e5
17.dxe5 Bh3 18.Ne1 d5 19.Qh5 dxc4 20.Bxc4 Be6 21.Qxh6+ Rg7 22.Bxe6 fxe6 23.Qxe6 Qd7
24.Qf5+ Kg8 25.e6 Qe8 26.Nf3 Ra5 27.Qxf4 Bf8 28.Nh4 Qh5 29.Nf5  1-0

[Event "London MSO Masters"]
[Site "London"]
[Date "1999.08.27"]
[Round "7"]
[White "Rowson, Jonathan"]
[Black "Cherniaev, Alexander"]
[Result "1-0"]
[WhiteElo "2490"]
[BlackElo "2432"]

1.d4 Nf6 2.Bg5 e6 3.e4 h6 4.Bxf6 Qxf6 5.c3 Nc6 6.e5 Qe7 7.Nf3 d6 8.Bb5 Bd7
9.exd6 cxd6 10.O-O a6 11.Ba4 Na7 12.Nbd2 Bxa4 13.Qxa4+ Qd7 14.Qb3 Be7 15.Nc4 Nc8
16.Ne3 O-O 17.c4 b5 18.d5 bxc4 19.Qxc4 Nb6 20.Qg4 Bf6 21.Rad1 a5 22.dxe6 fxe6
23.Qg3 Rad8 24.Rd2 Kh7 25.Re1 d5 26.Ng4 Qd6 27.Rde2 Qxg3 28.hxg3 Na4 29.Nxf6+ Rxf6
30.Rc1 Rd6 31.b3 Nb6 32.Nd4 a4 33.Rce1 axb3 34.axb3 Nd7 35.Rxe6 Rfxe6 36.Rxe6 Rxe6
37.Nxe6 Kg8 38.f3 Kf7 39.Nd4 Kf6 40.Kf2 Ke5 41.Ke3 g6 42.g4 Kd6 43.b4 Nb6
44.Nb5+  1-0

[Event "ISL-ch"]
[Site "Reykjavik"]
[Date "1999.09.08"]
[Round "8"]
[White "Thorhallsson, Throstur"]
[Black "Bjornsson, Sigurbjorn"]
[Result "1/2-1/2"]
[WhiteElo "2489"]
[BlackElo "2254"]

1.d4 Nf6 2.Bg5 e6 3.Nc3 h6 4.Bxf6 Qxf6 5.e4 g5 6.Qd2 Bg7 7.O-O-O Nc6 8.Nf3 d6
9.Bb5 Bd7 10.e5 dxe5 11.Nxe5 O-O-O 12.Ne4 Qf5 13.Nxc6 Bxc6 14.Bxc6 bxc6 15.Qe2 Rxd4
16.Qa6+ Kb8 17.Rxd4 Bxd4 18.Qxc6 Qd5 19.Qxd5  1/2-1/2

[Event "CRO-chT"]
[Site "Pula"]
[Date "1999.09.14"]
[Round "5"]
[White "Levacic, Patrick"]
[Black "Cebalo, Miso"]
[Result "1/2-1/2"]
[WhiteElo "2389"]
[BlackElo "2453"]

1.d4 Nf6 2.Bg5 e6 3.Nc3 d5 4.e4 Bb4 5.e5 h6 6.Bd2 Bxc3 7.bxc3 Ne4 8.Qg4 g6
9.Be3 c5 10.Bd3 Bd7 11.Ne2 h5 12.Qf4 cxd4 13.Bxd4 Qa5 14.O-O Nc5 15.Nc1 Nxd3
16.cxd3 Qc7 17.Nb3 b6 18.Qf6 Rg8 19.a4 Bc6 20.a5 Nd7 21.Qg5 Rb8 22.axb6 axb6
23.Ra3 Kf8 24.Qh6+ Ke7 25.Qg5+ Kf8  1/2-1/2

[Event "Artek olJ"]
[Site "Artek"]
[Date "1999.09.19"]
[Round "8"]
[White "Szymanski, Marcin"]
[Black "Balogh, Csaba"]
[Result "1-0"]
[WhiteElo "2327"]
[BlackElo "2235"]

1.d4 Nf6 2.Bg5 e6 3.e4 h6 4.Bxf6 Qxf6 5.Nc3 Bb4 6.Qd2 d6 7.a3 Bxc3 8.Qxc3 O-O
9.Nf3 Nc6 10.Bd3 Qe7 11.e5 Rd8 12.O-O Bd7 13.Rfe1 dxe5 14.dxe5 Be8 15.Qc4 Rd5
16.Qe4 g6 17.Qf4 Kg7 18.Re4 Rad8 19.Rae1 Nb8 20.Qc1 Bb5 21.Bxb5 Rxb5 22.Rh4 g5
23.Rhe4 Rbd5 24.h4 gxh4 25.Rg4+ Kf8 26.c4 Rd3 27.Qxh6+ Ke8 28.Qh7 Rxf3 29.Rg8+ Kd7
30.Rd1+  1-0

[Event "Paks 09 GM"]
[Site "Paks"]
[Date "1999.09.26"]
[Round "6"]
[White "Kulaots, Kaido"]
[Black "Varga, Peter"]
[Result "1/2-1/2"]
[WhiteElo "2478"]
[BlackElo "2491"]

1.d4 Nf6 2.Bg5 e6 3.Nc3 h6 4.Bxf6 Qxf6 5.e4 Bb4 6.a3 Bxc3+ 7.bxc3 d6 8.Nf3 e5
9.Rb1 O-O 10.Bc4 Nc6 11.O-O Ne7 12.Ne1 Ng6 13.g3 Bh3 14.Ng2 b6 15.Re1 Bxg2
16.Kxg2 Qg5 17.Kg1 Qf6 18.a4 a5 19.Qd2 Rad8 20.Rbd1 Ne7 21.Bf1 Ng6 22.Bc4 Ne7
23.Bf1 Ng6  1/2-1/2

[Event "Paks 09 IM"]
[Site "Paks"]
[Date "1999.09.26"]
[Round "6"]
[White "Reiss, Tibor"]
[Black "Farkas, Tibor"]
[Result "1/2-1/2"]
[WhiteElo "2180"]
[BlackElo "2288"]

1.d4 Nf6 2.Bg5 e6 3.e4 h6 4.Bxf6 Qxf6 5.Nc3 Qd8 6.Nf3 d6 7.Be2 Nd7 8.O-O Be7
9.Qd2 a6 10.a4 c5 11.e5 d5 12.Rad1 cxd4 13.Qxd4 Nb8 14.Qg4 Kf8 15.Nd4 Nc6
16.Nxc6 bxc6 17.b3 a5 18.f4 Qb6+ 19.Kh1 g6 20.Bd3 Ba6 21.Ne2 Rb8 22.Nd4 Qxd4
23.Bxa6 Qc3 24.Bd3 Rb4 25.Qh3 Kg7 26.Rf3 Rd4 27.Rdf1 Rxd3 28.Rxd3 Qxc2 29.g4 Qe2
30.Re3 Qc2 31.f5 Bg5 32.Ref3 Qe4 33.fxe6 fxe6 34.Qg2 Rd8 35.h3 Bh4 36.Kg1 Qd4+
37.Kh1 Qxe5 38.Rf7+ Kg8 39.Qd2 Qe4+ 40.Kh2 Qe5+ 41.Kh1 Qe4+ 42.Kg1 Bg5 43.Qxa5 Qe3+
44.R1f2 Qg3+ 45.Kf1 Qxh3+ 46.Ke1 Qh1+ 47.Ke2 Qe4+ 48.Kf1 Qh1+  1/2-1/2

[Event "Seeburg op 1st"]
[Site "Lucern"]
[Date "1999.10.09"]
[Round "2"]
[White "Wilhelm, Serge"]
[Black "Rogers, Ian"]
[Result "0-1"]
[WhiteElo "2167"]
[BlackElo "2574"]

1.d4 Nf6 2.Bg5 e6 3.e4 h6 4.Bxf6 Qxf6 5.Nf3 d6 6.Bd3 e5 7.c3 Nc6 8.Bb5 Bd7
9.d5 Nb8 10.Bxd7+ Nxd7 11.Nbd2 Be7 12.c4 O-O 13.O-O Qg6 14.b4 f5 15.exf5 Rxf5
16.Rc1 Raf8 17.Qe2 Rf4 18.a3 Nf6 19.Rc3 b5 20.cxb5 Nxd5 21.Rc4 Bd8 22.Rfc1 R4f7
23.Qe4 Qxe4 24.Nxe4 g5 25.h3 Nf4 26.Ned2 Ne2+  0-1

[Event "Asia-chT"]
[Site "Shenyang"]
[Date "1999.10.10"]
[Round "1"]
[White "Tu Hoang Thai"]
[Black "Abbasi Far, Hasan"]
[Result "0-1"]
[WhiteElo "2269"]
[BlackElo "2296"]

1.d4 Nf6 2.Bg5 e6 3.e4 d6 4.Nc3 Nbd7 5.Qd2 h6 6.Bh4 g5 7.Bg3 Nh5 8.Nge2 a6
9.f4 gxf4 10.Bxf4 Nxf4 11.Nxf4 b5 12.Be2 Nb6 13.O-O Qg5 14.Rad1 h5 15.Qe1 Bb7
16.a3 Be7 17.Rd3 O-O-O 18.Qf2 Rdf8 19.Rf3 Qh6 20.d5 Kb8 21.a4 b4 22.a5 Nd7
23.Na2 Nc5 24.Nxb4 e5 25.Nfd3 Nxe4 26.Qe1 Bg5 27.Nc6+ Ka8 28.Qb4 Be3+ 29.Kh1 Nd2
30.Rf5 Nxf1 31.Bxf1 Rhg8 32.Qe4 Rg4 33.Qf3 e4 34.Qh3 exd3 35.Bxd3 Bc5 36.Rf1 Rf4
37.Re1 Bc8  0-1

[Event "Asia-chT"]
[Site "Shenyang"]
[Date "1999.10.13"]
[Round "5"]
[White "Erhembayar, D."]
[Black "Abbasi Far, Hasan"]
[Result "0-1"]
[WhiteElo "2303"]
[BlackElo "2296"]

1.d4 Nf6 2.Bg5 e6 3.e4 h6 4.Bxf6 Qxf6 5.Nf3 d6 6.Nc3 a6 7.Bd3 Nd7 8.Qe2 g5
9.h3 Bg7 10.O-O-O Qe7 11.Qe3 b5 12.e5 d5 13.Kb1 Nb6 14.g4 Rb8 15.h4 gxh4
16.Rxh4 Rg8 17.Rg1 Bf8 18.g5 Nc4 19.Qc1 hxg5 20.Rxg5 Rxg5 21.Nxg5 Nxb2 22.Rh8 Na4
23.Nxa4 bxa4+ 24.Ka1 Kd7 25.Rh7 Qa3 26.Rxf7+ Kc6 27.Qxa3 Bxa3 28.c3 Bb2+
29.Kb1 Bxc3+ 30.Kc1 Bxd4 31.Rf8 Kb7 32.Nf7 Ka7 33.Re8 Bxf2 34.Bc2 Be3+ 35.Kd1 Bb7
36.Re7 Bc6 37.Rxc7+ Kb6 38.Re7 Re8 39.Rxe8 Bxe8 40.Ke2 Bd4 41.Ng5 Bd7 42.Nf3 Kc5
43.Bd3 Bb5 44.Kd2 Bb2 45.Bg6 d4 46.Bd3 Kd5 47.Kc2 Bc3 48.Ng5 Kxe5 49.Ne4 Bb4
50.Ng5 Be7 51.Ne4 Kd5 52.Nf2 e5 53.Be4+ Ke6 54.Bd3 Bh4 55.Ne4 Kd5 56.Nd2 Be7
57.Ne4 a3 58.Nd2 Bg5 59.Be4+ Kc5 60.Nf3 Bf4 61.Ne1 Bg3 62.Nd3+ Kc4 63.Bh7 Ba4+
64.Kd2 Bf4+ 65.Ke2 Kc3 66.Nc5 Bb5+ 67.Ke1 Bc4 68.Ne4+ Kb2 69.Nf2 Be3  0-1

[Event "Asia-chT"]
[Site "Shenyang"]
[Date "1999.10.13"]
[Round "5"]
[White "Tu Hoang Thai"]
[Black "Yin Hao"]
[Result "1/2-1/2"]
[WhiteElo "2269"]
[BlackElo "2401"]

1.d4 Nf6 2.Bg5 e6 3.e4 h6 4.Bxf6 Qxf6 5.Nc3 d6 6.Qd2 g6 7.O-O-O Bg7 8.f4 Qe7
9.Nf3 Nd7 10.Kb1 a6 11.h4 b5 12.h5 gxh5 13.Ne2 Rg8 14.Qe1 Bb7 15.Ng3 Nb6
16.Nxh5 Bh8 17.Ng3 O-O-O 18.Rxh6 Rg4 19.Bd3 Rxf4 20.Qh1 Rg4 21.Rxh8 Rxg3
22.Qh2 Rxh8 23.Qxg3 Qf8 24.Qf4 Qg7 25.g4 Nd7 26.e5 dxe5 27.Nxe5 Nxe5 28.dxe5 Rd8
29.b3 Rd5 30.Re1 Kb8 31.g5 Bc6 32.Re3 Bb7 33.Be2 Qh7 34.Bd3 Qg7 35.Kb2 Rd7
36.Kc1 Qf8 37.Kb2 Qc5 38.a3 a5 39.Re2 b4 40.axb4 axb4 41.Qc4 Qb6 42.Qb5 Qd4+
43.Kb1 Kc8 44.Re1 Bd5 45.Rf1 Bg2 46.Rxf7  1/2-1/2